|
|
|
|
| LEADER |
00000cam a2200000 7i4500 |
| 001 |
0000054209 |
| 005 |
20151103.0 |
| 008 |
151103 |
| 020 |
|
|
|a 9679784975
|
| 090 |
0 |
0 |
|a 338.9595
|b PRA
|
| 100 |
0 |
|
|a Pramanik, Ataul Huq
|
| 245 |
1 |
0 |
|a Malaysia's economic success
|c Ataul Huq(Pramanik)
|f 1941
|
| 260 |
|
|
|a Selangor :
|b Pelanduk Publications (M) Sdn. Bhd. ,
|c 1994
|
| 300 |
|
|
|a 268pg.
|
| 500 |
|
|
|a Includes index, bibliography
|
| 650 |
|
0 |
|a Malaysia-economic conditions
|
| 999 |
|
|
|a 0000746628
|b Book
|c Adult Collection
|e Cawangan Muar
|
| 999 |
|
|
|a 0000746629
|b Book
|c Adult Collection
|e Cawangan Mersing
|
| 999 |
|
|
|a 0000746631
|b Book
|c Adult Collection
|e Cawangan Pontian
|